Find the States of Mexico - No Outlines Quiz Stats

 Plays Quiz not verified by Sporcle

Score 0/32 Timer 05:00
18 Plays Today
% Correct
Baja California Sur
78.7%
Baja California
78.1%
Yucatán
75.2%
Chihuahua
74.6%
Sonora
73.7%
Veracruz
71.4%
Quintana Roo
70.9%
Coahuila
68.5%
Tamaulipas
68.3%
Oaxaca
68.1%
Chiapas
67.5%
Sinaloa
67.2%
Nuevo León
66.8%
Durango
65%
Campeche
64.4%
Tabasco
62.3%
% Correct
Guerrero
62.1%
Nayarit
61.1%
Jalisco
59.9%
Zacatecas
57.7%
Michoacán
57.6%
San Luis Potosí
57.6%
Puebla
54.9%
México
54.7%
Colima
54.7%
Guanajuato
51.6%
Federal District
50.4%
Hidalgo
48.9%
Aguascalientes
48.4%
Tlaxcala
47.3%
Querétaro
44.9%
Morelos
43.4%

You're not logged in!

Compare scores with friends on all Sporcle quizzes.
Join for Free
OR
Log In

You Might Also Like...

Show Comments

Extras

Top Quizzes Today


Score Distribution

Your Account Isn't Verified!

In order to create a playlist on Sporcle, you need to verify the email address you used during registration. Go to your Sporcle Settings to finish the process.

Report this User

Report this user for behavior that violates our Community Guidelines.

Details: